000 00661nam a22001937a 4500
999 _c13852
_d13852
003 MIRAKIL
005 20200728134317.0
008 200728b tu ||||| |||| 00| 0 tur d
040 _aTR-AnCHP
_btur
_cTR-AnCHP
082 _aATA 923.156
_bA74s 1985
100 _aAslan, Asım
245 _aSömürülen Atatürk ve Atatürkçülük/
_cAsım Aslan.
250 _a3. bs.
260 _aİstanbul:
_b[yayl.y.]
_c1985.
_fTeknografik matbaacılık.
300 _a248 s.:
_c19 sm.
600 _aAtatürk, Mustafa Kemal
_d1881-1938
_xDerlemeler
_xDerleme
856 _zDijital Nüshası için Partimizin Kütüphane Sorumlusu ile iletişime geçiniz.
942 _2ddc
_cBKS